00402pab a2200133 454500008004000000100001900040245008900059260000900148300001700157362001200174650001300186650002500199773004400224180718b1977 xxu||||| |||| 00| 0 eng d aRoy, Delwin A. aManagement education and training in the Arab world: A review of issues and problems c1977 ap.1022-1034. aOct-Dec aTraining aManagement education aIndian Journal of Public Administration